| 000 | 01957cam a2200529 a 4500 | ||
|---|---|---|---|
| 999 |
_c22843 _d22843 |
||
| 001 | vtls010525613 | ||
| 005 | 20200129125535.0 | ||
| 008 | 160610s2013 xo g 001 0 slo | ||
| 020 | _a9788081560040 (brož.) | ||
| 035 | _a43BCF432-C14C-4504-9C0F-7EB57B17794B | ||
| 035 | _aurn:nbn:sk:snk-amldrh | ||
| 035 | _aurn:nbn:sk:snk-am008zt7 | ||
| 040 |
_aSVKBB _bslo _cSVKBB _dSNK _eAACR2 |
||
| 041 | 1 |
_aslo _heng |
|
| 044 |
_axo _cSK |
||
| 072 | 7 |
_a159.92 _xVývinová psychológia. Psychológia osobnosti _2konspekt |
|
| 072 | 7 |
_a37 _xVýchova a vzdelávanie _2konspekt |
|
| 080 |
_a316.346.32-053.67 _22001 |
||
| 080 |
_a159.922.8 _22001 |
||
| 080 |
_a173.5/.7 _22001 |
||
| 080 |
_a316.356.2 _22001 |
||
| 080 |
_a(0.062) _22001 |
||
| 080 |
_a37.03-053.2 _22001 |
||
| 100 | 1 |
_aLeman, Kevin, _d1943- _91596 |
|
| 240 | 1 | 0 |
_aHave a New Teenager by Friday _lSlovensky |
| 245 | 1 | 0 |
_a5 dní - a váš tínedžer bude iný _bod drzého a náladového k zdvorilému a zodpovednému za 5 dní _cKevin Leman ; [z anglického originálu ... preložila Daniela Koronthály] |
| 246 | 3 | _aPäť dní - a váš tínedžer bude iný | |
| 250 | _a1. vyd. | ||
| 260 |
_aBratislava _bPorta libri _c2013 |
||
| 300 |
_a277 s. _c21 cm |
||
| 650 | 0 | 7 |
_aadolescenti _2SNKPH _91597 |
| 650 | 0 | 7 |
_avýchova dieťaťa _2SNKPH _91598 |
| 650 | 0 | 7 |
_apsychológia adolescentov _2SNKPH _91599 |
| 650 | 0 | 7 |
_arodičia a deti _2SNKPH _91600 |
| 650 | 0 | 7 |
_arodinné vzťahy _2SNKPH _91601 |
| 650 | 0 | 7 |
_aAdolescents _2SNKPHeng _91602 |
| 650 | 0 | 7 |
_aAdolescent psychology _2SNKPHeng _91603 |
| 650 | 0 | 7 |
_aParents and children _2SNKPHeng _91604 |
| 650 | 0 | 7 |
_aFamily relations _2SNKPHeng _91605 |
| 650 | 0 | 7 |
_aChild rearing _2SNKPHeng _91606 |
| 655 | 7 |
_apopulárno-náučné publikácie _2SNKPH _91486 |
|
| 655 | 7 |
_aPopular works _2SNKPHeng _91487 |
|
| 700 | 1 |
_aKoronthály, Daniela _4trl _91607 |
|
| 958 | _aNB | ||
| 958 | _aOP | ||